[Event "Biel-JMT"]
[Site "Biel"]
[Date "1986.??.??"]
[Round "?"]
[White "Kindermann, Stefan"]
[Black "De Firmian, Nick E"]
[Result "1-0"]
[WhiteElo "2485"]
[BlackElo "2490"]

1.e4 c5 2.Nf3 d6 3.d4 cxd4 4.Nxd4 Nf6 5.Nc3 a6 6.f4 e5 7.Nf3 Nbd7 8.a4 Be7
9.Bd3 O-O 10.O-O Nc5 11.Kh1 d5 12.Nxe5 dxe4 13.Be2 Qxd1 14.Rxd1 Be6 15.Be3 Rfd8
16.g4 g6 17.g5 Nd5 18.Nxd5 Bxd5 19.b3 Ne6 20.Nc4 Bxc4 21.Bxc4 Bc5 22.Bxc5 Nxc5
23.Kg2 Rac8 24.Kf2 a5 25.Ke3 b6 26.Rxd8+ Rxd8 27.Rf1 Kg7 28.f5 gxf5 29.Rxf5 Rd7
30.h4 Re7 31.Rf6 Nd7 32.Rd6 Ne5 33.Bd5 Ng4+ 34.Ke2 f5 35.Be6 Kg6 36.Bc8+ Kh5
37.Bxf5 Kxh4 38.Bxg4 Kxg4 39.g6 h5  1-0

[Event "Dubai ol (Men)"]
[Site "Dubai"]
[Date "1986.??.??"]
[Round "2"]
[White "De Firmian, Nick E"]
[Black "Ravisekhar, Raja"]
[Result "1-0"]
[WhiteElo "2490"]
[BlackElo "2395"]

1.d4 g6 2.e4 Bg7 3.Nc3 d6 4.f4 c6 5.Nf3 Bg4 6.Be3 Qb6 7.Qd2 Bxf3 8.gxf3 Nd7
9.O-O-O O-O-O 10.Bc4 Rf8 11.Bb3 Qa5 12.Kb1 Kb8 13.f5 Ngf6 14.Rhg1 Nh5 15.f4 Bh6
16.Qf2 Nb6 17.Qh4 Nc8 18.Ne2 Bg7 19.e5 d5 20.c3 Qd8 21.Bc2 e6 22.f6 Re8 23.Nc1 Bf8
24.Rde1 Nb6 25.Bd1 Nc4 26.Bxh5 gxh5 27.Qxh5 Qd7 28.Nd3 b6 29.Bc1 Na5 30.f5 exf5
31.e6 Rxe6 32.Ne5 Qe8 33.Qxf7 Qxf7 34.Nxf7 Rxe1 35.Rxe1 Rg8 36.Re8+ Kb7 37.Nd8+  1-0

[Event "London op"]
[Site "London"]
[Date "1986.??.??"]
[Round "8"]
[White "Hjartarson, Johann"]
[Black "De Firmian, Nick E"]
[Result "1-0"]
[WhiteElo "2505"]
[BlackElo "2520"]

1.e4 c5 2.Nf3 d6 3.d4 cxd4 4.Nxd4 Nf6 5.Nc3 a6 6.Be2 e5 7.Nb3 Be7 8.O-O O-O
9.Be3 Be6 10.Nd5 Nxd5 11.exd5 Bf5 12.Qd2 Nd7 13.a4 a5 14.Bb5 Nf6 15.f3 Bg6
16.c4 Qc7 17.Qf2 Nd7 18.Kh1 h6 19.f4 exf4 20.Bxf4 Bf6 21.Rac1 Be5 22.c5 dxc5
23.Bxe5 Nxe5 24.Qxc5 Qxc5 25.Nxc5 b6 26.Rfe1 f6 27.Ne6 Rfc8 28.Rxc8+ Rxc8
29.d6 Rc2 30.h3 Nf7 31.Be8 Rd2 32.d7  1-0

[Event "London op"]
[Site "London"]
[Date "1986.??.??"]
[Round "9"]
[White "De Firmian, Nick E"]
[Black "Conquest, Stuart"]
[Result "1-0"]
[WhiteElo "2520"]
[BlackElo "2400"]

1.e4 c6 2.d4 d5 3.Nd2 dxe4 4.Nxe4 Nf6 5.Nxf6+ gxf6 6.c3 Bf5 7.Nf3 Qc7 8.g3 Nd7
9.Bg2 O-O-O 10.O-O e6 11.Re1 Bg4 12.b4 h5 13.Qa4 Bxf3 14.Bxf3 Kb8 15.Bf4 Bd6
16.Bxd6 Qxd6 17.Rad1 h4 18.c4 Rdg8 19.Bg2 hxg3 20.hxg3 f5 21.c5 Qc7 22.b5 f4
23.bxc6 fxg3 24.f4 Qxf4 25.Re2 Nf6 26.Rb1 Rh4 27.c7+ Kc8 28.Bxb7+ Kxc7 29.Be4 Rb8
30.Qxa7+ Kc8 31.Rf1 Qh6 32.Qa6+ Kd8 33.Qd6+ Kc8 34.Bg2 Rb4 35.Qa6+ Kd7 36.d5 Rhd4
37.dxe6+ Kc7 38.Qc6+ Kb8 39.Qa8+ Kc7 40.Qa7+ Kc8 41.Bh3 fxe6 42.Bxe6+ Kd8
43.Qa8+ Ke7 44.Bc4+ Kd7 45.Qa7+  1-0

[Event "New York op"]
[Site "New York"]
[Date "1986.??.??"]
[Round "?"]
[White "Blocker, Calvin"]
[Black "De Firmian, Nick E"]
[Result "0-1"]
[WhiteElo "2380"]
[BlackElo "2520"]

1.d4 Nf6 2.c4 e6 3.Nf3 b6 4.Nc3 Bb4 5.Qb3 a5 6.a3 a4 7.Qc2 Bxc3+ 8.Qxc3 Bb7
9.Bg5 h6 10.Bh4 d6 11.e3 Nbd7 12.Rd1 Ra5 13.Bd3 Qa8 14.Be2 Ne4 15.Qc2 g5
16.Bg3 h5 17.h3 Rg8 18.d5 exd5 19.Nd4 dxc4 20.Bxh5 Nxg3 21.fxg3 Ne5 22.Qh7 Rf8
23.O-O Be4 24.Qh6 Qc8 25.Qf6 Qd7 26.Ne6 Qe7 27.Nxf8 Qxf6 28.Rxf6 Kxf8 29.Rdf1 Bd5
30.e4 Bxe4 31.Bxf7 Ke7 32.Re6+ Kd7 33.Ref6 Rb5 34.Be6+ Ke7 35.h4 Rxb2 36.Bh3 g4
37.Re6+ Kxe6  0-1

[Event "Philadelphia op"]
[Site "Philadelphia"]
[Date "1986.??.??"]
[Round "?"]
[White "Djuric, Stefan"]
[Black "De Firmian, Nick E"]
[Result "0-1"]
[WhiteElo "2435"]
[BlackElo "2520"]

1.d4 Nf6 2.c4 e6 3.Nf3 b6 4.g3 Bb7 5.Bg2 Be7 6.O-O O-O 7.Nc3 Ne4 8.Bd2 Bf6
9.Qc2 Nxd2 10.Qxd2 c5 11.Rfd1 cxd4 12.Nxd4 Bxg2 13.Kxg2 Qc8 14.Qd3 Rd8 15.Na4 Be7
16.Rac1 Na6 17.Qf3 Nc5 18.Nc3 a6 19.b4 Nb7 20.a3 Qc7 21.h4 Nd6 22.Na4 Nb7
23.Qe3 a5 24.Nf3 axb4 25.Nxb6 Rxa3 26.Nd5 Rxe3 27.Nxc7 Rxe2 28.Rb1 Ra2 29.Rd2 Rxd2
30.Nxd2 Na5 31.Ra1 Nc6 32.Nb3 Rc8 33.Na8 Bd8 34.c5 Na5 35.Nxa5 Rxa8 36.Nb3 Rxa1
37.Nxa1 Bf6 38.Nb3 Kf8 39.Kf3 Ke7 40.Ke4 d5+ 41.cxd6+ Kxd6 42.h5 Bc3 43.g4 h6
44.f4 Bf6 45.Nd2 Kc5 46.Kd3 Kd5 47.g5 Bb2 48.Ne4 f5 49.Ng3 b3 50.Ne2 Bd4
51.Ng3 b2 52.Kc2 hxg5 53.fxg5 f4 54.Ne2 f3 55.Ng3 e5 56.g6 e4 57.Nf5 f2 58.Ng3 e3  0-1

[Event "Hoogovens"]
[Site "Wijk aan Zee"]
[Date "1986.??.??"]
[Round "?"]
[White "Hellers, Ferdinand"]
[Black "De Firmian, Nick E"]
[Result "1-0"]
[WhiteElo "2435"]
[BlackElo "2520"]

1.e4 c5 2.Nf3 d6 3.d4 cxd4 4.Nxd4 Nf6 5.Nc3 a6 6.Be3 e5 7.Nf3 Be6 8.Ng5 Qc7
9.Nxe6 fxe6 10.a4 Nbd7 11.g3 Qc6 12.Bg2 Nc5 13.O-O Be7 14.Qe2 Rd8 15.Rfd1 Kf7
16.f4 Rhe8 17.f5 Kg8 18.fxe6 Nxe6 19.Nd5 Nd4 20.Bxd4 exd4 21.Qd3 Nxd5 22.exd5 Qc8
23.Be4 Qh3 24.Bf5 Qh6 25.Be6+ Kh8 26.Qxd4 Bf6 27.Qf4 Bg5 28.Qe4 Rf8 29.Rf1 Be3+
30.Kg2 Bc5 31.Qd3 a5 32.c3 b6 33.Rf3 Rxf3 34.Qxf3 Qd2+ 35.Kh1 Qxb2 36.Rf1 h6
37.Qd3 Qa2 38.Rf4 Qa1+ 39.Kg2 Qg1+ 40.Kh3 Qe3 41.Qg6  1-0

[Event "Hoogovens"]
[Site "Wijk aan Zee"]
[Date "1986.??.??"]
[Round "?"]
[White "Huebner, Robert"]
[Black "De Firmian, Nick E"]
[Result "1-0"]
[WhiteElo "2625"]
[BlackElo "2520"]

1.d4 Nf6 2.c4 e6 3.Nf3 c5 4.e3 d5 5.Nc3 Nc6 6.a3 cxd4 7.exd4 Be7 8.c5 Ne4
9.Qc2 Bf6 10.Bb5 Nxc3 11.Qxc3 O-O 12.O-O a5 13.Bf4 a4 14.b4 axb3 15.Bxc6 bxc6
16.Qxb3 Ba6 17.Rfb1 Be2 18.Ne5 Bxe5 19.Bxe5 Qg5 20.a4 f6 21.Bd6 Rfe8 22.Qc3 Kh8
23.f4 Qf5 24.Rb6 Rec8 25.h3 h6 26.Kh2 Ba6 27.Ra3 Kg8 28.Qb2 Bd3 29.Rb7 Ba6
30.Re7 Qe4 31.Rg3 g6 32.f5 Qxf5 33.Rf3 Qe4 34.Rxf6 Re8 35.Rxe8+ Rxe8 36.Qf2  1-0

[Event "USA-op"]
[Site "Los Angeles"]
[Date "1987.??.??"]
[Round "4"]
[White "De Firmian, Nick E"]
[Black "Alburt, Lev O"]
[Result "1-0"]
[WhiteElo "2485"]
[BlackElo "2570"]

1.d4 Nf6 2.c4 c5 3.Nf3 cxd4 4.Nxd4 e5 5.Nb5 d5 6.cxd5 Bc5 7.N5c3 O-O 8.e3 Qe7
9.a3 e4 10.b4 Bd6 11.Bb2 a5 12.bxa5 Rxa5 13.Nd2 Be5 14.Qb3 Nbd7 15.Be2 Bxc3
16.Qxc3 Rxd5 17.O-O Ne5 18.Rfd1 Bf5 19.Nf1 Nd3 20.Bxd3 exd3 21.f3 Rc8 22.Qb4 Qxb4
23.axb4 Be6 24.Ra3 Rcd8 25.Bd4 Rb5 26.Raxd3 Bc4 27.R3d2 Bxf1 28.Bc5 Re8 29.Kxf1 b6
30.Bd4 Rxb4 31.Kf2 h6 32.Bxf6 gxf6 33.Rc1 Rb3 34.e4 Rb5 35.Rc6 Kg7 36.Rdd6 Ra8
37.Rxf6 Ra2+ 38.Kg3 Rg5+ 39.Kf4 Rgxg2 40.h4 b5 41.Rxh6 b4 42.Rh5 Rh2 43.Rb6 Rab2
44.Rb7 Kg8 45.Rb8+ Kg7 46.Rg5+ Kf6 47.Rf5+ Ke7 48.Ke5 Kd7 49.Rxf7+ Kc6 50.Rfb7 Rh3
51.f4 b3 52.f5 Re3 53.f6 Rbe2 54.Rb4 b2 55.f7 b1=Q 56.Rc4+  1-0

[Event "New York op"]
[Site "New York"]
[Date "1987.??.??"]
[Round "?"]
[White "De Firmian, Nick E"]
[Black "Wolff, Patrick G"]
[Result "1-0"]
[WhiteElo "2500"]
[BlackElo "2430"]

1.d4 Nf6 2.c4 g6 3.Nc3 d5 4.Bf4 Bg7 5.e3 c5 6.dxc5 Qa5 7.Rc1 dxc4 8.Bxc4 O-O
9.Ne2 Qxc5 10.Nb5 Qb4+ 11.Kf1 Ne4 12.a3 Nd2+ 13.Kg1 Qxb2 14.Rc2 Nxc4 15.Rxb2 Nxb2
16.Qc2 Na6 17.Nbd4 e5 18.Qxb2 Nc5 19.h4 Nd3 20.Qb5 Nxf4 21.Nxf4 exf4 22.h5 fxe3
23.fxe3 Bg4 24.Qg5 gxh5 25.Nf5 Bxf5 26.Qxf5 Rfe8 27.Rxh5 h6 28.Rh3 Rad8 29.Rg3 Rd6
30.Qc5 Rd1+ 31.Kf2 Red8 32.Kf3 b6 33.Qe5 f6 34.Qe7  1-0

[Event "New York op"]
[Site "New York"]
[Date "1987.??.??"]
[Round "?"]
[White "De Firmian, Nick E"]
[Black "Rachels, Stuart"]
[Result "1-0"]
[WhiteElo "2500"]
[BlackElo "2355"]

1.d4 Nf6 2.c4 c5 3.d5 d6 4.Nc3 g6 5.e4 Bg7 6.Nf3 O-O 7.Bd3 e6 8.h3 exd5 9.exd5 Re8+
10.Be3 Nh5 11.O-O f5 12.Re1 Nd7 13.Bg5 Rxe1+ 14.Qxe1 Ndf6 15.Qd2 Qf8 16.Re1 Bd7
17.a3 Re8 18.b4 b6 19.Rxe8 Nxe8 20.Qe1 h6 21.Bd2 g5 22.Qb1 Qf7 23.Ne2 Bc8
24.Nh2 Be5 25.Nf1 Neg7 26.bxc5 bxc5 27.Nfg3 Nxg3 28.Nxg3 Bxg3 29.fxg3 Qf6
30.Be1 Ba6 31.Kh2 Qd4 32.Bxf5 Nxf5 33.Qxf5 Bxc4 34.Qg6+ Qg7 35.Qxd6 Qf7 36.Qb8+ Qf8
37.Qe5 Qf7 38.Bc3  1-0

[Event "New York op"]
[Site "New York"]
[Date "1987.??.??"]
[Round "?"]
[White "De Firmian, Nick E"]
[Black "Olafsson, Helgi"]
[Result "0-1"]
[WhiteElo "2500"]
[BlackElo "2555"]

1.e4 c5 2.Nf3 d6 3.d4 cxd4 4.Nxd4 Nf6 5.Nc3 a6 6.Bc4 e6 7.Bb3 b5 8.O-O Be7
9.f4 Bb7 10.Be3 b4 11.Nd5 exd5 12.e5 dxe5 13.fxe5 O-O 14.Nf5 Ne8 15.Bxd5 Nc6
16.Rf3 Rb8 17.Bf4 Bc5+ 18.Kh1 Ne7  0-1

[Event "New York op"]
[Site "New York"]
[Date "1987.??.??"]
[Round "?"]
[White "De Firmian, Nick E"]
[Black "Abramovic, Bosko"]
[Result "1/2-1/2"]
[WhiteElo "2500"]
[BlackElo "2420"]

1.d4 Nf6 2.c4 e6 3.Nc3 d5 4.Nf3 Be7 5.Bg5 h6 6.Bxf6 Bxf6 7.e3 O-O 8.Rc1 a6
9.a3 dxc4 10.Bxc4 b5 11.Bd3 Nd7 12.Ne4 Be7 13.Qc2 Bd6 14.Nxd6 cxd6 15.Qc6 Nb6
16.O-O Rb8 17.Qe4 f5 18.Qf4 Bb7 19.Qg3 Qe7 20.Nd2 Rbc8 21.e4 f4 22.Qg4 e5
23.d5 Na4 24.b4 Rc7 25.Nb3 Rfc8 26.Rxc7 Rxc7 27.Na5 Bc8 28.Qg6 Bd7 29.Ra1 Be8
30.Qg4 Rc3 31.Bf1 h5 32.Qd1 Qc7 33.g3 g5 34.Nc6 Qh7 35.Rc1 Qxe4 36.Bg2 f3
37.Rxc3 Nxc3 38.Bxf3 Nxd1 39.Bxe4 Nc3 40.Bf5 Kf8 41.Be6 Bf7 42.Bc8 Bxd5 43.Nb8 Nb1
44.Bxa6 Nxa3 45.Nd7+ Ke7 46.Nb6 Be6 47.Nc8+ Bxc8 48.Bxc8 Kd8 49.Bf5 Nc4 50.h4 gxh4
51.gxh4 Ke7 52.Bg6 d5 53.Bxh5 e4 54.Kf1 d4 55.Bg4 d3 56.Ke1 e3 57.fxe3 d2+
58.Kf2 Nb2 59.e4 d1=Q 60.Bxd1 Nxd1+ 61.Ke2 Nb2 62.Ke3 Nc4+ 63.Kd4 Kd6 64.h5 Ne5
65.h6 Nf3+ 66.Ke3 Ng5 67.Kf4 Nf7 68.h7 Ke6 69.Ke3 Ke5  1/2-1/2

[Event "New York op"]
[Site "New York"]
[Date "1987.??.??"]
[Round "?"]
[White "Whitehead, Jay E"]
[Black "De Firmian, Nick E"]
[Result "1/2-1/2"]
[WhiteElo "2420"]
[BlackElo "2500"]

1.d4 Nf6 2.c4 c5 3.d5 g6 4.Nc3 d6 5.e4 Bg7 6.Be2 O-O 7.Bg5 e6 8.Qd2 exd5
9.exd5 Re8 10.Nf3 Bg4 11.O-O Nbd7 12.h3 Bxf3 13.Bxf3 a6 14.a4 Qa5 15.Qc2 Re7
16.Bd2 Qc7 17.Rae1 Ne5 18.Be2 Rae8 19.b3 Ned7 20.Bd1 h6 21.Rxe7 Rxe7 22.g4 Qd8
23.Bf4 Ne5 24.Bg3 Qe8 25.Kg2 Qb8 26.Re1 Re8 27.Ne4 Nxe4 28.Rxe4 b5 29.axb5 axb5
30.cxb5 Rf8 31.Be2 Qb7 32.Qd2 Ra8 33.Ra4 Re8 34.Ra6 Bf8 35.Rc6 Qe7 36.b6 Rb8
37.Bxe5 Qxe5 38.Ba6 Qe4+ 39.Kh2 Qe5+ 40.f4 Qe7 41.b7 Rxb7 42.Bxb7 Qxb7 43.Qe3 Be7
44.h4 Qd7 45.g5 Bf8 46.Kg3 h5 47.Qf3 Qf5 48.Rb6 Qb1 49.Ra6 Qg1+ 50.Kh3 Qb1
51.Ra8 Qf5+ 52.Kg3 Qb1 53.Re8 Qg1+ 54.Kh3 Qb1 55.Kg2 Qc2+ 56.Kg3 Qb1 57.Ra8 Qg1+
58.Kh3 Qb1 59.Ra4 Bg7 60.f5 gxf5 61.Ra8+  1/2-1/2

[Event "New York op"]
[Site "New York"]
[Date "1987.??.??"]
[Round "?"]
[White "Remlinger, Larry"]
[Black "De Firmian, Nick E"]
[Result "0-1"]
[WhiteElo "2410"]
[BlackElo "2500"]

1.d4 Nf6 2.c4 e6 3.Nc3 Bb4 4.e3 b6 5.Ne2 Ne4 6.Qc2 Bb7 7.a3 Bxc3+ 8.Nxc3 Nxc3
9.Qxc3 O-O 10.b3 d6 11.Bb2 Nd7 12.O-O-O f5 13.f4 Nf6 14.Rg1 Qe7 15.Be2 Be4
16.h3 d5 17.g4 c6 18.Rg3 a5 19.c5 Rab8 20.Rdg1 fxg4 21.Bxg4 Bg6 22.Bf3 Nd7
23.b4 axb4 24.axb4 Rf7 25.Bd1 Nf6 26.Bc2 Bxc2 27.Qxc2 bxc5 28.dxc5 Rxb4 29.Kd1 Rc4
30.Qb3 Qxc5 31.Qb8+ Qf8 32.Qe5 Re4 33.Qg5 d4 34.Bxd4 Rxd4+ 35.exd4 Ne4 36.Qe5 Nxg3
37.Rxg3 Qe7 38.Rb3 h6 39.Rb8+ Kh7 40.Qe4+ Rf5 41.Rb6 Qh4 42.Rxc6 Qxh3 43.Rxe6 Qg4+
44.Kc2 Qxf4 45.Qd3 h5 46.Re4 Qg5 47.Re3 g6 48.Kc3 Ra5 49.Kb4 Ra7 50.Re5 Rb7+
51.Kc4 Qc1+ 52.Kd5 Rd7+ 53.Ke4 Rf7 54.Kd5 Kg7 55.Re6 Rd7+ 56.Rd6 Qh1+ 57.Kc5 Rc7+
58.Kb5 Qb7+ 59.Rb6 Qd5+ 60.Kb4 Qg5 61.d5 Qg1 62.Rb8 Kh7 63.Rb5 Qe1+ 64.Kb3 Re7
65.Kc4 Qc1+ 66.Kb4 Qf4+ 67.Kc5 Rc7+ 68.Kb6 Qd6+ 69.Ka5  0-1

[Event "Philadelphia op"]
[Site "Philadelphia"]
[Date "1987.??.??"]
[Round "?"]
[White "De Firmian, Nick E"]
[Black "Wolff, Patrick G"]
[Result "1-0"]
[WhiteElo "2500"]
[BlackElo "2380"]

1.e4 e5 2.Nf3 Nf6 3.Nxe5 d6 4.Nf3 Nxe4 5.d4 d5 6.Bd3 Bd6 7.O-O O-O 8.c4 c6
9.Re1 Bf5 10.Nc3 Nxc3 11.bxc3 Bxd3 12.Qxd3 dxc4 13.Qxc4 Nd7 14.Bg5 Nb6 15.Qb3 Qc7
16.Re2 h6 17.Bd2 c5 18.Rae1 Rad8 19.Ne5 Bxe5 20.dxe5 Rd3 21.Qc2 Rfd8 22.Be3 R3d5
23.f4 Nc4 24.Bf2 Qc6 25.e6 fxe6 26.Rxe6 R5d6 27.f5 Qd5 28.Bg3 Qd3 29.Qf2 Rd5
30.f6 Rf5 31.Re8+ Rxe8 32.Rxe8+ Kf7 33.fxg7 Qd1+ 34.Re1 Rxf2 35.Rxd1 Rd2
36.Rxd2 Nxd2 37.Bf4 Ne4 38.Be5 Nd2 39.Kf2 Nc4 40.Bf6 Nb6 41.Kf3 Nd7 42.Bd8 Kxg7
43.Ke4 Kf7 44.Kd5 Nf8 45.Bc7 Nd7 46.Kd6 Nf6 47.Kxc5 Ke6 48.Kd4 Nd5 49.Bb8 a6
50.h3 b5 51.g3 h5 52.a3 a5 53.c4 bxc4 54.Kxc4 Ne3+ 55.Kc5  1-0

[Event "San Francisco"]
[Site "San Francisco"]
[Date "1987.??.??"]
[Round "?"]
[White "Browne, Walter S"]
[Black "De Firmian, Nick E"]
[Result "0-1"]
[WhiteElo "2505"]
[BlackElo "2485"]

1.d4 Nf6 2.c4 e6 3.Nf3 c5 4.d5 exd5 5.cxd5 Bd6 6.Nc3 O-O 7.g3 Bc7 8.Bg2 d6
9.O-O a6 10.a3 Bg4 11.Nd2 b5 12.h3 Bc8 13.b4 Nbd7 14.Bb2 Re8 15.Qc2 Bb6 16.Kh1 Ne5
17.bxc5 Bxc5 18.f4 Ng6 19.Nce4 Nxe4 20.Nxe4 Bf5 21.Qc3 f6 22.Nxc5 dxc5 23.Rae1 Qd7
24.Kh2 Be4 25.Qxc5 Rac8 26.Qd4 Rc4 27.Qd1 Ne7 28.Bxe4 Rxe4 29.d6 Nf5 30.Qd5+ Kh8
31.Be5 Rc4 32.Rf3 fxe5 33.fxe5 g6 34.g4 Nd4 35.Rf4 Nc6 36.Rf7 Qe6 37.d7 Qxe5+
38.Qxe5+ Rxe5 39.Rd1 Rxe2+ 40.Kg3 Kg8 41.Rf6 Nd8 42.Rdf1 Rc3+ 43.Kh4 Re5  0-1

[Event "San Francisco"]
[Site "San Francisco"]
[Date "1987.??.??"]
[Round "?"]
[White "De Firmian, Nick E"]
[Black "Gurevich, Dmitry"]
[Result "1/2-1/2"]
[WhiteElo "2485"]
[BlackElo "2545"]

1.e4 c5 2.Nf3 d6 3.d4 cxd4 4.Nxd4 Nf6 5.Nc3 Nc6 6.Bc4 e6 7.Bb3 a6 8.Be3 Na5
9.f4 b5 10.e5 dxe5 11.fxe5 Nxb3 12.axb3 Nd5 13.Qf3 Bb7 14.O-O Qc7 15.Nxd5 Bxd5
16.Qg3 h5 17.c4 bxc4 18.bxc4 Qxc4 19.Rac1 Qd3 20.Rc7 h4 21.Qf2 f5 22.exf6 gxf6
23.Qxf6 Qxe3+ 24.Kh1 Bxg2+ 25.Kxg2 Rg8+ 26.Kh1 Qe4+ 27.Rf3 Qb1+ 28.Rf1 Qe4+
29.Rf3  1/2-1/2

[Event "San Francisco"]
[Site "San Francisco"]
[Date "1987.??.??"]
[Round "?"]
[White "De Firmian, Nick E"]
[Black "Djuric, Stefan"]
[Result "1/2-1/2"]
[WhiteElo "2485"]
[BlackElo "2455"]

1.e4 e5 2.Nf3 Nc6 3.Bb5 a6 4.Ba4 Nf6 5.O-O Be7 6.Re1 b5 7.Bb3 O-O 8.c3 d6
9.h3 h6 10.d4 Re8 11.Nbd2 Bf8 12.Nf1 Bd7 13.Ng3 Na5 14.Bc2 c5 15.b3 Nc6 16.Be3 cxd4
17.cxd4 exd4 18.Nxd4 d5  1/2-1/2

[Event "San Francisco"]
[Site "San Francisco"]
[Date "1987.??.??"]
[Round "?"]
[White "Spraggett, Kevin"]
[Black "De Firmian, Nick E"]
[Result "1/2-1/2"]
[WhiteElo "2570"]
[BlackElo "2485"]

1.c4 c5 2.Nf3 Nf6 3.Nc3 e6 4.e3 d5 5.d4 Nc6 6.cxd5 exd5 7.Be2 cxd4 8.Nxd4 Bd6
9.O-O O-O 10.b3 Be5 11.Ba3 Nxd4 12.exd4 Bd6 13.Bxd6 Qxd6 14.Rc1 Bd7 15.Bf3 Rfe8
16.Re1 Rac8 17.Rxe8+ Rxe8 18.g3 Ne4 19.Ne2 Qa6 20.a4 Qa5  1/2-1/2

[Event "San Francisco"]
[Site "San Francisco"]
[Date "1987.??.??"]
[Round "?"]
[White "De Firmian, Nick E"]
[Black "Rohde, Michael A"]
[Result "0-1"]
[WhiteElo "2485"]
[BlackElo "2550"]

1.e4 e6 2.d4 d5 3.Nc3 Bb4 4.e5 Ne7 5.a3 Bxc3+ 6.bxc3 b6 7.Qg4 Ng6 8.h4 h5
9.Qg3 Ba6 10.Bxa6 Nxa6 11.Ne2 Qd7 12.Nf4 Nxf4 13.Bxf4 Kf8 14.a4 Nb8 15.Bc1 Nc6
16.Rh3 Rc8 17.Qg5 Ne7 18.a5 Kg8 19.axb6 cxb6 20.g4 g6 21.Ba3 hxg4 22.Qxg4 Rh5
23.Bc1 Nf5 24.Bg5 b5 25.Kf1 Rc4 26.Rd3 Qc7 27.Kg2 Kh7 28.Ra3 Qb6 29.Kh3 b4
30.cxb4 Rxb4 31.Rdb3 a5 32.Rxb4 Qxb4 33.Rb3 Qc4 34.Rb7 Qf1+ 35.Qg2 Qd1 36.Bf6 Nxh4
37.Bxh4 g5 38.Rxf7+ Kg8 39.Rf4 Qxc2 40.Qg3 Kh7 41.Rf7+ Kg8 42.Qf3 Rxh4+ 43.Kg3 Rf4
44.Rxf4 gxf4+ 45.Qxf4 Qg6+ 46.Kh2 Kg7 47.Qf3 Qf5 48.Qe3 Kg6 49.Qg3+ Kh5 50.Qe3 a4
51.f3 Qc2+ 52.Kg3 Qd1 53.Qf4 Qg1+ 54.Kh3 Qg5 55.Qf7+ Qg6 56.Qa7 Kg5 57.Kg3 Kf5+
58.Kf2 Kf4 59.Qxa4 Qg3+ 60.Ke2 Qxf3+ 61.Kd2 Ke4 62.Qa6 Qg2+ 63.Kc1 Qh3 64.Qb6 Qc3+
65.Kb1 Kf5 66.Ka2 Qc1 67.Qa7 Qc4+ 68.Kb1 Qb4+ 69.Kc2 Ke4 70.Qf7 Qc4+ 71.Kb1 Qc6
72.Qa7 Qb5+ 73.Kc2 Qc4+ 74.Kb1 Qxd4 75.Qh7+ Kxe5 76.Qg7+ Ke4 77.Qg4+ Ke3
78.Qg1+ Kd3 79.Qd1+ Kc3 80.Qe1+ Kb3 81.Qg3+ Qc3 82.Qb8+ Qb4 83.Qg3+ Ka4+
84.Kc2 Qc4+ 85.Kb2 d4 86.Qg8 Qe2+ 87.Kc1 Kb3 88.Qb8+ Kc3 89.Qc8+ Qc4 90.Qf8 d3
91.Qa3+ Kd4+ 92.Kb1 Qc2+ 93.Ka1 Qc5  0-1

[Event "San Francisco"]
[Site "San Francisco"]
[Date "1987.??.??"]
[Round "?"]
[White "Leski, Marc"]
[Black "De Firmian, Nick E"]
[Result "1/2-1/2"]
[WhiteElo "2390"]
[BlackElo "2485"]

1.Nf3 c5 2.c4 Nc6 3.Nc3 e5 4.g3 g6 5.Bg2 Bg7 6.O-O d6 7.d3 Nge7 8.Ne1 Be6
9.Nd5 O-O 10.Nc2 Rb8 11.a4 a6 12.a5 Nd4 13.Nxe7+ Qxe7 14.Ne3 b5 15.axb6 Rxb6
16.Ra2 Rfb8 17.Nd5 Bxd5 18.Bxd5 Kh8 19.Bd2 Rxb2 20.Rxb2 Rxb2 21.e3 Ne6 22.Bc3 Rb8
23.Qa1 Nc7 24.Bg2 h5 25.Rb1 Qd8 26.Rb2 Kg8 27.Qb1 Rxb2 28.Qxb2 Ne6 29.Qb7 e4
30.Bxg7 Kxg7 31.Qxa6 exd3 32.Qa3 d2 33.Qb2+ Qf6 34.Qxd2 Ng5 35.h4 Nh7 36.Qd5 Qa1+
37.Bf1 Qf6 38.Bg2 Qa1+ 39.Bf1 Qe5 40.Qxe5+ dxe5 41.Be2 f5 42.Kf1 Nf6 43.Bf3 Kf7
44.Ke1 Ke6 45.Kd2 e4 46.Be2 Nd7 47.f4 exf3 48.Bxf3 Nf6 49.Kd3 Ke5 50.Kd2 Ne4+
51.Bxe4 fxe4 52.Ke2 Kf5 53.Kf2 g5 54.hxg5 Kxg5 55.Kg1 Kg4 56.Kg2 h4 57.gxh4  1/2-1/2

[Event "San Francisco"]
[Site "San Francisco"]
[Date "1987.??.??"]
[Round "?"]
[White "Verduga, Denis Homero"]
[Black "De Firmian, Nick E"]
[Result "1/2-1/2"]
[WhiteElo "2435"]
[BlackElo "2485"]

1.c4 c5 2.g3 Nc6 3.Bg2 b6 4.Nc3 Bb7 5.d3 g6 6.e4 Bg7 7.Nge2 d6 8.O-O Nf6
9.h3 O-O 10.Be3 Nd7 11.Qd2 a6 12.Bh6 Nd4 13.Bxg7 Kxg7 14.b4 Nxe2+ 15.Nxe2 b5
16.bxc5 Nxc5 17.Rab1 Qd7 18.cxb5 axb5 19.Nc3  1/2-1/2

[Event "San Francisco"]
[Site "San Francisco"]
[Date "1987.??.??"]
[Round "?"]
[White "De Firmian, Nick E"]
[Black "Christiansen, Larry Mark"]
[Result "1-0"]
[WhiteElo "2485"]
[BlackElo "2575"]

1.e4 c6 2.d4 d5 3.Nd2 dxe4 4.Nxe4 Nd7 5.Bc4 Ngf6 6.Ng5 Nd5 7.N1f3 h6 8.Ne4 N7b6
9.Bb3 Bf5 10.Qe2 e6 11.O-O Be7 12.Ng3 Bg4 13.h3 Bxf3 14.Qxf3 Bg5 15.Ne4 Bxc1
16.Raxc1 O-O 17.Rcd1 a5 18.a3 Nd7 19.Rfe1 a4 20.Ba2 b5 21.c3 Qc7 22.Bb1 g6
23.Ba2 Kg7 24.Ng3 N5f6 25.Re3 Rad8 26.Qe2 Qb8 27.Bb1 c5 28.Qc2 Rfe8 29.dxc5 Nxc5
30.Ree1 e5 31.Qe2 h5 32.Ne4 Ncxe4 33.Bxe4 Qb6 34.Kf1 h4 35.Bd3 Rd5 36.Qe3 Qc7
37.Be2 Red8 38.Rxd5 Rxd5 39.Rd1 Qd6 40.Rd3 Ne8 41.Ke1 f5 42.Qa7+ Kf6 43.Rxd5 Qxd5
44.Qb6+ Nd6 45.Bxb5 Kg7 46.Bc6 Qd3 47.Qa7+ Kf6 48.Qxa4 Nc4 49.Qd1 Nxb2 50.Qxd3 Nxd3+
51.Kf1 Ke7 52.a4 Nf4 53.g3 hxg3 54.fxg3 Ne6 55.a5 Kd6 56.Be8 g5 57.h4 gxh4
58.gxh4 Nc7 59.Bf7 e4 60.Bc4 Ke5 61.a6 f4 62.a7 f3 63.Ba6  1-0

[Event "New York op"]
[Site "New York"]
[Date "1988.??.??"]
[Round "?"]
[White "De Firmian, Nick E"]
[Black "Rohde, Michael A"]
[Result "1/2-1/2"]
[WhiteElo "2515"]
[BlackElo "2555"]

1.e4 c5 2.Nf3 Nc6 3.d4 cxd4 4.Nxd4 Qc7 5.Nc3 e6 6.g3 a6 7.Bg2 Nf6 8.O-O h6
9.Re1 Nxd4 10.e5 Nb5 11.Nxb5 axb5 12.exf6 gxf6 13.c3 d6 14.Be3 Bd7 15.Qh5 Bc6
16.Bb6 Qe7 17.a3 Rg8 18.f4 Bxg2 19.Kxg2 Qd7 20.Kg1 Be7 21.Qxh6 Qc6 22.Bf2 O-O-O
23.Qh7 Rdf8 24.Qe4 Qxe4 25.Rxe4 d5 26.Re2 Kc7 27.Kg2 Kc6 28.Bd4 f5 29.Kf3 Ra8
30.h4 Bc5 31.Bf6 Rg6 32.Bg5 Rh8 33.Rh1 Kd7 34.h5 Rgg8 35.Bf6 Rh6 36.Be5 f6
37.Bd4 Bd6 38.Rh4 Rg7 39.Be3 Rg8 40.Bd4 Rg7 41.Be3 Re7 42.g4 fxg4+ 43.Kxg4 Rh8
44.h6 Reh7 45.Reh2 Rg8+ 46.Kf3 Rg6 47.f5 exf5 48.Rg2 Rxg2 49.Kxg2 Ke6 50.Rh5 Be5
51.Kf3 Bd6 52.Bf4 Be5 53.Be3 Bd6 54.Bf4 Be5  1/2-1/2

[Event "New York op"]
[Site "New York"]
[Date "1988.??.??"]
[Round "?"]
[White "De Firmian, Nick E"]
[Black "Reyes, Romuel"]
[Result "1-0"]
[WhiteElo "2515"]
[BlackElo "2320"]

1.e4 e6 2.d4 d5 3.Nc3 Bb4 4.e5 c5 5.a3 Bxc3+ 6.bxc3 Qc7 7.Nf3 Ne7 8.a4 b6
9.Bb5+ Bd7 10.Bd3 Nbc6 11.O-O h6 12.Ba3 Na5 13.Nd2 c4 14.Be2 Bc6 15.Bg4 Qd7
16.Qb1 h5 17.Be2 Nf5 18.Bb4 g5 19.Re1 g4 20.Nf1 O-O-O 21.Ne3 Rde8 22.Qc1 Nh4
23.g3 Ng6 24.Qa3 Qc7 25.Reb1 Kd7 26.Bd6 Qd8 27.Rf1 Ne7 28.f3 gxf3 29.Rxf3 Ref8
30.Raf1 Ke8 31.R3f2 Nb7 32.Bf3 Nxd6 33.exd6 Nc8 34.Nxc4 f6 35.Re1 Kd7 36.Ne3 Nxd6
37.c4 Ne4 38.cxd5 Bxd5  1-0

[Event "New York op"]
[Site "New York"]
[Date "1988.??.??"]
[Round "?"]
[White "De Firmian, Nick E"]
[Black "Ivanchuk, Vassily"]
[Result "1/2-1/2"]
[WhiteElo "2515"]
[BlackElo "2535"]

1.e4 e5 2.Nf3 Nc6 3.Bb5 a6 4.Ba4 Nf6 5.O-O Nxe4 6.d4 b5 7.Bb3 d5 8.dxe5 Be6
9.Nbd2 Nc5 10.c3 d4 11.Bxe6 Nxe6 12.cxd4 Ncxd4 13.Ne4 Be7 14.Be3 Nf5 15.Qc2 O-O
16.Rad1 Nxe3 17.fxe3 Qc8 18.Nd4 Nxd4 19.exd4 Qe6 20.Ng3 c6  1/2-1/2

[Event "New York op"]
[Site "New York"]
[Date "1988.??.??"]
[Round "?"]
[White "De Firmian, Nick E"]
[Black "Chernin, Alexander"]
[Result "1/2-1/2"]
[WhiteElo "2515"]
[BlackElo "2560"]

1.e4 e6 2.d4 d5 3.Nc3 Nf6 4.Bg5 Be7 5.e5 Nfd7 6.Bxe7 Qxe7 7.f4 O-O 8.Nf3 c5
9.dxc5 Nc6 10.Bd3 f6 11.exf6 Qxf6 12.g3 Nxc5 13.O-O Bd7 14.Qd2 Nxd3 15.cxd3 e5
16.Rae1 Bh3 17.Rf2 d4 18.Ne4 Qf5 19.Nxe5 Nxe5 20.fxe5 Qxe5 21.Rxf8+ Rxf8
22.Nf2 Qh5 23.Qb4 Bg2 24.Qxd4 Bc6 25.Re7 Qg5 26.Re3 Qf5 27.Re7 Qg5 28.Re3 Qf5
29.Re1 Qa5 30.Re7  1/2-1/2

[Event "New York op"]
[Site "New York"]
[Date "1988.??.??"]
[Round "?"]
[White "Tukmakov, Vladimir B"]
[Black "De Firmian, Nick E"]
[Result "1/2-1/2"]
[WhiteElo "2570"]
[BlackElo "2515"]

1.d4 Nf6 2.c4 e6 3.Nf3 b6 4.g3 Bb7 5.Bg2 Be7 6.O-O O-O 7.Nc3 Ne4 8.Qc2 Nxc3
9.Qxc3 c5 10.Rd1 cxd4 11.Nxd4 Bxg2 12.Kxg2 Qc8 13.b3 Nc6 14.Bb2 Nxd4 15.Qxd4 Bf6
16.Qd2 Bxb2 17.Qxb2  1/2-1/2